[Event "España ch-2015 sub-18"]
[Site "Salobrena ESP"]
[Date "2015.07.29"]
[Round "5.3"]
[White "Fernandez Cano, Victor"]
[Black "Sanchez Vigon, David"]
[Result "1/2-1/2"]
[WhiteElo "1956"]
[BlackElo "2201"]
[PlyCount "87"]
[EventDate "2015.07.27"]
[EventType "swiss"]
[EventRounds "9"]
[EventCountry "ESP"]
[Source "lmi"]
[SourceDate "2015.07.27"]

1. d4 d5 2. Nf3 Nf6 3. c4 c6 4. e3 Bf5 5. Nc3 e6 6. Be2 Nbd7 7. Nh4 Bg6 8. Nxg6
hxg6 9. h3 Bd6 10. a3 a5 11. Bd2 O-O 12. Rb1 Qe7 13. O-O Rfd8 14. c5 Bc7 15. f4
Ne4 16. Nxe4 dxe4 17. b4 axb4 18. axb4 Nf6 19. Qc2 Ra3 20. Bc1 Raa8 21. Bd2 Ra3
22. Bc1 Raa8 23. Rb3 Ra4 24. b5 Rda8 25. Rb2 Qd7 26. bxc6 bxc6 27. Bc4 Qc8 28.
Bd2 Ra1 29. g4 Rxf1+ 30. Bxf1 Rb8 31. Rxb8 Qxb8 32. g5 Nd5 33. Qxe4 Qb2 34. Qd3
Qa2 35. Bg2 Ba5 36. Bxa5 Qxa5 37. Kf2 Qa2+ 38. Kf3 Qb2 39. Qe2 Qc1 40. h4 Nc3
41. Qf2 Nd5 42. Qe2 Nc3 43. Qf2 Nd5 44. Qe2 1/2-1/2

[Event "España ch-2015 sub-18"]
[Site "Salobrena ESP"]
[Date "2015.07.29"]
[Round "5.4"]
[White "Esquivias Quintero, Luis Manuel"]
[Black "Garriga Cazorla, Pere"]
[Result "0-1"]
[WhiteElo "2134"]
[BlackElo "2461"]
[PlyCount "62"]
[EventDate "2015.07.27"]
[EventType "swiss"]
[EventRounds "9"]
[EventCountry "ESP"]
[Source "lmi"]
[SourceDate "2015.07.27"]

1. e4 c5 2. Nc3 a6 3. Nf3 d6 4. d4 cxd4 5. Nxd4 Nf6 6. Be3 e5 7. Nf3 Qc7 8. a4
h6 9. Be2 Be6 10. O-O Nbd7 11. Nd5 Bxd5 12. exd5 Be7 13. a5 O-O 14. c4 Rfe8 15.
Nd2 Bf8 16. b4 Rac8 17. Rc1 e4 18. Qb3 Qd8 19. Rc2 Ne5 20. f3 exf3 21. Nxf3
Neg4 22. Bd4 Ne4 23. Nd2 Nxd2 24. Rxd2 Qg5 25. Qc2 Ne3 26. Bxe3 Qxe3+ 27. Kh1
g6 28. Qd3 Qg5 29. Rf3 Bg7 30. Rg3 Qe5 31. Bd1 Qe1+ 0-1

[Event "España ch-2015 sub-18"]
[Site "Salobrena ESP"]
[Date "2015.07.29"]
[Round "5.5"]
[White "Santos Ruiz, Miguel"]
[Black "Portela Peleteiro, Alberto"]
[Result "1-0"]
[WhiteElo "2329"]
[BlackElo "2105"]
[PlyCount "99"]
[EventDate "2015.07.27"]
[EventType "swiss"]
[EventRounds "9"]
[EventCountry "ESP"]
[Source "lmi"]
[SourceDate "2015.07.27"]

1. e4 d6 2. d4 Nf6 3. Nc3 e5 4. Nf3 Nbd7 5. Bc4 Be7 6. a4 c6 7. O-O O-O 8. Qe2
a5 9. Rd1 Qc7 10. h3 h6 11. Ba2 exd4 12. Nxd4 Nc5 13. Bf4 Ne6 14. Nxe6 Bxe6 15.
Bxe6 fxe6 16. e5 dxe5 17. Bxe5 Qb6 18. Bd4 c5 19. Be5 Rad8 20. Nb5 Rxd1+ 21.
Rxd1 Qc6 22. c4 Kh8 23. Re1 Nd7 24. Bc3 e5 25. Bxe5 Nxe5 26. Qxe5 Bf6 27. Qe2
Bh4 28. g3 Bf6 29. b3 b6 30. Qe4 Qd7 31. Kg2 Qd2 32. Re2 Qd1 33. Re3 Qd2 34.
Qd3 Qb2 35. Qe2 Qb1 36. Nc7 Bd4 37. Rf3 Rxf3 38. Qxf3 Qg6 39. Nd5 Qe6 40. Nf4
Qf5 41. Nd5 Qe6 42. h4 g6 43. Qf8+ Kh7 44. Qe7+ Qxe7 45. Nxe7 Bf6 46. Nd5 Bd8
47. Kf3 Kg7 48. Ke4 Kf7 49. Ke5 g5 50. h5 1-0

[Event "España ch-2015 sub-18"]
[Site "Salobrena ESP"]
[Date "2015.07.29"]
[Round "5.6"]
[White "Campins Machado, Francesc"]
[Black "Navarrete Espi, Samuel"]
[Result "0-1"]
[WhiteElo "2127"]
[BlackElo "2329"]
[PlyCount "94"]
[EventDate "2015.07.27"]
[EventType "swiss"]
[EventRounds "9"]
[EventCountry "ESP"]
[Source "lmi"]
[SourceDate "2015.07.27"]

1. Nf3 Nf6 2. g3 g6 3. Bg2 Bg7 4. O-O O-O 5. c4 d6 6. Nc3 e5 7. d3 Nc6 8. Rb1
a5 9. a3 Nd4 10. b4 axb4 11. axb4 c6 12. b5 Bg4 13. e3 Nxf3+ 14. Bxf3 Bxf3 15.
Qxf3 d5 16. Bb2 Re8 17. Rfd1 Qd7 18. Kg2 dxc4 19. dxc4 Qe6 20. Qe2 e4 21. Ra1
h5 22. h4 Ng4 23. Rxa8 Rxa8 24. Rd2 Qf5 25. Nb1 Be5 26. Bd4 Bxd4 27. Rxd4 Ne5
28. Nc3 Qf3+ 29. Qxf3 exf3+ 30. Kh2 Ra1 31. g4 hxg4 32. Ne4 Kg7 33. Nd6 Rf1 34.
Rd2 Rc1 35. Rd4 Rf1 36. Rd2 f6 37. b6 g3+ 38. Kxg3 Rg1+ 39. Kh3 Ng4 40. Ne4 Rg2
41. c5 f5 42. Nd6 Nxf2+ 43. Rxf2 Rxf2 44. Nxb7 Rg2 45. Nd8 Rg4 46. Ne6+ Kf6 47.
Nf4 f2 0-1

[Event "España ch-2015 sub-18"]
[Site "Salobrena ESP"]
[Date "2015.07.29"]
[Round "5.7"]
[White "Buendia Pinar, Alvaro"]
[Black "Marchena Hurtado, Javier"]
[Result "1/2-1/2"]
[WhiteElo "2134"]
[BlackElo "2294"]
[PlyCount "61"]
[EventDate "2015.07.27"]
[EventType "swiss"]
[EventRounds "9"]
[EventCountry "ESP"]
[Source "lmi"]
[SourceDate "2015.07.27"]

1. d4 d5 2. Nf3 Nf6 3. c4 c6 4. Nc3 a6 5. a4 e6 6. Qc2 Bb4 7. Bd2 O-O 8. e3 c5
9. cxd5 exd5 10. Be2 Nc6 11. h3 Qb6 12. dxc5 Qxc5 13. Rc1 d4 14. exd4 Nxd4 15.
Nxd4 Qxd4 16. O-O Qe5 17. Ne4 Bxd2 18. Nxf6+ Qxf6 19. Qxd2 Rd8 20. Qc3 Qxc3 21.
Rxc3 Bd7 22. Bf3 Bxa4 23. Bxb7 Ra7 24. Bc6 Bxc6 25. Rxc6 g6 26. Ra1 Rb8 27.
Rcxa6 Rxa6 28. Rxa6 Rxb2 29. g3 h5 30. h4 Kg7 31. Kg2 1/2-1/2

[Event "España ch-2015 sub-18"]
[Site "Salobrena ESP"]
[Date "2015.07.29"]
[Round "5.8"]
[White "Martin Garcia, Guillermo"]
[Black "Aymerich Verdaguer, Eduard"]
[Result "1-0"]
[WhiteElo "2240"]
[BlackElo "2091"]
[PlyCount "108"]
[EventDate "2015.07.27"]
[EventType "swiss"]
[EventRounds "9"]
[EventCountry "ESP"]
[Source "lmi"]
[SourceDate "2015.07.27"]

1. e4 c5 2. c3 Nf6 3. e5 Nd5 4. Nf3 e6 5. g3 b6 6. Bg2 d6 7. exd6 Bb7 8. O-O
Bxd6 9. d4 O-O 10. Nbd2 Nd7 11. Qe2 Rc8 12. Ne4 Be7 13. Rd1 Qc7 14. c4 Ba6 15.
b3 N7f6 16. Bb2 Nxe4 17. Qxe4 Nf6 18. Qe2 Rfd8 19. Re1 cxd4 20. Nxd4 Bb4 21.
Red1 Bb7 22. Nxe6 fxe6 23. Qxe6+ Kf8 24. Bxf6 Re8 25. Qf5 gxf6 26. Rd7 Qxd7 27.
Qxd7 Re7 28. Qf5 Bc3 29. Rc1 Bb2 30. Rb1 Rc5 31. Qd3 Bxg2 32. Kxg2 Be5 33. Rd1
Rc8 34. Qf5 Rce8 35. Rd7 Rxd7 36. Qxd7 Re7 37. Qd5 Kg7 38. Qd8 Kf7 39. Qh8 Ke6
40. h4 Kd7 41. b4 Ke6 42. a4 Kd7 43. a5 bxa5 44. bxa5 Ke6 45. f4 Bc3 46. Qg8+
Kd7 47. Kf3 Kc7 48. Qa8 Kd6 49. Qd5+ Kc7 50. c5 Rd7 51. Qa8 f5 52. Qxa7+ Kd8
53. Qb8+ Ke7 54. Qb5 Ke6 1-0

[Event "España ch-2015 sub-18"]
[Site "Salobrena ESP"]
[Date "2015.07.29"]
[Round "5.9"]
[White "Ventura Bolet, Maxim"]
[Black "Garcia Martin, Marta"]
[Result "1/2-1/2"]
[WhiteElo "2080"]
[BlackElo "2166"]
[PlyCount "78"]
[EventDate "2015.07.27"]
[EventType "swiss"]
[EventRounds "9"]
[EventCountry "ESP"]
[Source "lmi"]
[SourceDate "2015.07.27"]

1. Nf3 Nf6 2. c4 e6 3. g3 d5 4. Bg2 Be7 5. O-O O-O 6. d4 c6 7. Qc2 b6 8. b3 Bb7
9. Bb2 Nbd7 10. Nc3 c5 11. cxd5 exd5 12. Rfd1 Rc8 13. Qf5 Qc7 14. Rac1 Qb8 15.
Ne5 Rfd8 16. Nxd7 Rxd7 17. dxc5 d4 18. c6 Bxc6 19. Bxc6 Rxc6 20. Ne4 Rxc1 21.
Rxc1 Qd8 22. Nxf6+ Bxf6 23. Qd3 g6 24. Rd1 Qe7 25. Qf3 Bg7 26. Qd3 Bf6 27. e3
dxe3 28. Qxd7 Qxd7 29. Rxd7 e2 30. Bxf6 e1=Q+ 31. Kg2 Qe4+ 32. Kg1 Qe1+ 33. Kg2
Qe4+ 34. Kf1 Qb1+ 35. Ke2 Qc2+ 36. Ke1 Qb1+ 37. Ke2 Qc2+ 38. Ke1 Qb1+ 39. Kd2
Qxa2+ 1/2-1/2

[Event "España ch-2015 sub-18"]
[Site "Salobrena ESP"]
[Date "2015.07.29"]
[Round "5.10"]
[White "Porlan Minarro, Antonio"]
[Black "Ribera Cebolla, Marc"]
[Result "0-1"]
[WhiteElo "2040"]
[BlackElo "2146"]
[PlyCount "64"]
[EventDate "2015.07.27"]
[EventType "swiss"]
[EventRounds "9"]
[EventCountry "ESP"]
[Source "lmi"]
[SourceDate "2015.07.27"]

1. e4 c5 2. c4 Nc6 3. Nc3 e6 4. g3 Nge7 5. Bg2 Nd4 6. Nge2 Nec6 7. d3 g6 8. Be3
Bg7 9. O-O O-O 10. Rb1 f5 11. a3 d6 12. f4 Qa5 13. Bf2 Kh8 14. Nxd4 Nxd4 15.
Ne2 Rb8 16. Nxd4 cxd4 17. Qc1 fxe4 18. b4 Qh5 19. Bxe4 e5 20. Be1 Bh3 21. Rf2
exf4 22. gxf4 Rbe8 23. Bd2 Bf5 24. Bxf5 Qxf5 25. Qf1 Rf7 26. Rg2 Bh6 27. Qf2
Bxf4 28. Qxd4+ Be5 29. Qd5 Ref8 30. Re2 Qh3 31. Qg2 Bxh2+ 32. Kh1 Rf1+ 0-1

[Event "España ch-2015 sub-18"]
[Site "Salobrena ESP"]
[Date "2015.07.29"]
[Round "5.11"]
[White "Shen, Yue"]
[Black "Picos Maiztegui, Miguel"]
[Result "0-1"]
[WhiteElo "2248"]
[BlackElo "2023"]
[PlyCount "132"]
[EventDate "2015.07.27"]
[EventType "swiss"]
[EventRounds "9"]
[EventCountry "ESP"]
[Source "lmi"]
[SourceDate "2015.07.27"]

1. d4 Nf6 2. c4 c5 3. d5 b5 4. Nd2 bxc4 5. e4 d6 6. Bxc4 g6 7. b3 Bg7 8. Bb2
O-O 9. Ngf3 Re8 10. Qc2 e6 11. dxe6 Bxe6 12. Bxe6 Rxe6 13. O-O Nxe4 14. Bxg7
Nxd2 15. Qxd2 Kxg7 16. Ng5 Re7 17. Qd5 Na6 18. Rad1 Nb4 19. Qf3 Rc8 20. Qc3+
Kg8 21. Qf6 Rd7 22. Qf4 d5 23. a3 h6 24. Nf3 Nc6 25. Qxh6 Qf6 26. Qh3 Qe6 27.
Qh4 f6 28. Rfe1 Ne5 29. Qg3 Nxf3+ 30. Qxf3 Qf7 31. Qe2 Kg7 32. Qb5 d4 33. Rd3
Rb7 34. Qa6 Rcc7 35. Qd6 Rb6 36. Qf4 Re7 37. Rxe7 Qxe7 38. g3 Qe5 39. Qf3 f5
40. Qd1 a5 41. Qd2 Rb5 42. h4 Qe4 43. Kh2 Qe6 44. Qg5 Rb7 45. Qd2 Rxb3 46. Rxb3
Qxb3 47. Qxa5 Qd5 48. Qc7+ Kf6 49. Qb6+ Kf7 50. Qc7+ Ke6 51. Qc8+ Ke5 52. Qe8+
Qe6 53. Qb5 Qd6 54. Qe8+ Kd5 55. Qg8+ Ke4 56. Qc4 f4 57. a4 fxg3+ 58. fxg3 Ke3
59. a5 d3 60. a6 d2 61. a7 d1=Q 62. a8=Q Q1d2+ 63. Kh3 Qd7+ 64. g4 Q2d3 65.
Qxc5+ Kf4+ 66. Kg2 Qg3+ 0-1

[Event "España ch-2015 sub-18"]
[Site "Salobrena ESP"]
[Date "2015.07.29"]
[Round "5.12"]
[White "Lacruz Algarate, Alvaro"]
[Black "Abal Cores, Lucas"]
[Result "1/2-1/2"]
[WhiteElo "2072"]
[BlackElo "2373"]
[PlyCount "90"]
[EventDate "2015.07.27"]
[EventType "swiss"]
[EventRounds "9"]
[EventCountry "ESP"]
[Source "lmi"]
[SourceDate "2015.07.27"]

1. e4 c6 2. d4 g6 3. Nf3 d5 4. Nbd2 Bg7 5. c3 Nh6 6. Bd3 O-O 7. O-O f6 8. Re1
Nf7 9. exd5 cxd5 10. c4 dxc4 11. Bxc4 Nc6 12. h3 Kh8 13. Nb3 e5 14. Bxf7 Rxf7
15. dxe5 Rd7 16. Qe2 Nxe5 17. Nxe5 fxe5 18. Bd2 Rd5 19. Bc3 Qg5 20. Qe3 Qh5 21.
Qe2 Qg5 22. Qe3 Qh5 23. Qe2 Qf5 24. Rad1 Rxd1 25. Rxd1 Be6 26. Re1 Bxb3 27.
axb3 Re8 28. Qe4 Qf7 29. b4 g5 30. h4 gxh4 31. Qxh4 Bf6 32. Qe4 Kg8 33. f4 Bh4
34. Re2 Rf8 35. Qxe5 Bf6 36. Qxf6 Qxf6 37. Bxf6 Rxf6 38. Re4 Kf7 39. g4 Rc6 40.
f5 Kf6 41. Kf2 Rc2+ 42. Kg3 Rxb2 43. Kf4 Rf2+ 44. Kg3 Rb2 45. Re5 Kxe5 1/2-1/2

[Event "España ch-2015 sub-18"]
[Site "Salobrena ESP"]
[Date "2015.07.29"]
[Round "5.13"]
[White "Ponce Cano, Adrian"]
[Black "Gonzalez Capacete, Jose Miguel"]
[Result "1-0"]
[WhiteElo "2183"]
[BlackElo "1977"]
[PlyCount "55"]
[EventDate "2015.07.27"]
[EventType "swiss"]
[EventRounds "9"]
[EventCountry "ESP"]
[Source "lmi"]
[SourceDate "2015.07.27"]

1. e4 c5 2. Nf3 d6 3. d4 cxd4 4. Nxd4 Nf6 5. Nc3 e6 6. Be3 Be7 7. g4 h6 8. Bb5+
Nbd7 9. Qe2 a6 10. Bxd7+ Qxd7 11. O-O-O Qc7 12. f4 b5 13. g5 hxg5 14. fxg5 Nd7
15. g6 Ne5 16. gxf7+ Nxf7 17. Qg4 b4 18. Nce2 g5 19. Nxe6 Qc4 20. N2d4 Rh4 21.
Qf5 Rh6 22. Qd5 Qxd5 23. exd5 Kd7 24. Nf5 Rg6 25. Rde1 Bb7 26. Nxe7 Kxe7 27.
Rhf1 g4 28. Bg5+ 1-0

[Event "España ch-2015 sub-18"]
[Site "Salobrena ESP"]
[Date "2015.07.29"]
[Round "5.14"]
[White "Marquez Marvizon, Alejandra"]
[Black "Garrido Piriz, Pablo"]
[Result "1-0"]
[WhiteElo "1968"]
[BlackElo "2138"]
[PlyCount "105"]
[EventDate "2015.07.27"]
[EventType "swiss"]
[EventRounds "9"]
[EventCountry "ESP"]
[Source "lmi"]
[SourceDate "2015.07.27"]

1. e4 c5 2. Nf3 d6 3. Bb5+ Bd7 4. Bxd7+ Qxd7 5. O-O Nf6 6. Re1 Nc6 7. h3 g6 8.
c3 Bg7 9. d4 O-O 10. Bg5 cxd4 11. cxd4 d5 12. e5 Ne4 13. Be3 f6 14. exf6 exf6
15. Nfd2 Nd6 16. Nc3 Nf5 17. Nb3 Nxe3 18. Rxe3 b6 19. Qf3 Rad8 20. Rae1 f5 21.
Qf4 Qd6 22. Qxd6 Rxd6 23. Nb5 Rd7 24. Rc3 Ne7 25. f4 Kf7 26. Nc7 Bf6 27. Kf2
Ng8 28. Kf3 h6 29. g4 Bd8 30. Ne6 fxg4+ 31. hxg4 Re8 32. f5 gxf5 33. gxf5 Ne7
34. Kf4 Rd6 35. Rh1 Rh8 36. Rch3 Ng8 37. Nd2 Bf6 38. Nf3 Rc6 39. Nd8+ Bxd8 40.
Ne5+ Ke8 41. Nxc6 Bg5+ 42. Kf3 Ne7 43. Re1 Kf7 44. Nxe7 Bxe7 45. Re5 h5 46.
Rxd5 h4 47. Rd7 Kf6 48. Rxa7 Bd8 49. Kf4 Rh5 50. Rd7 Be7 51. Rd5 Bb4 52. Rb5
Bd2+ 53. Ke4 1-0

[Event "España ch-2015 sub-18"]
[Site "Salobrena ESP"]
[Date "2015.07.29"]
[Round "5.15"]
[White "Mari Copa, Adria"]
[Black "Rivas Diaz, Pablo"]
[Result "1-0"]
[WhiteElo "2136"]
[BlackElo "2029"]
[PlyCount "61"]
[EventDate "2015.07.27"]
[EventType "swiss"]
[EventRounds "9"]
[EventCountry "ESP"]
[Source "lmi"]
[SourceDate "2015.07.27"]

1. e4 c5 2. Nf3 d6 3. Bb5+ Nd7 4. d4 cxd4 5. Qxd4 a6 6. Bxd7+ Bxd7 7. c4 e5 8.
Qd3 b5 9. c5 Qc7 10. Nc3 Qxc5 11. O-O Rc8 12. Rd1 Be6 13. Bg5 h6 14. Bh4 g5 15.
Bg3 Qb4 16. Nd5 Qc4 17. Qd2 Qxe4 18. Bxe5 Rh7 19. Bxd6 Bxd6 20. Nc3 Bf4 21.
Nxe4 Bxd2 22. Nd6+ Kf8 23. Nxc8 Ba5 24. Na7 Ne7 25. Rd6 Bb4 26. Rxa6 g4 27. Nd4
Bc4 28. Naxb5 Bc5 29. Ra8+ Kg7 30. Rc1 Bd5 31. Re8 1-0

[Event "España ch-2015 sub-18"]
[Site "Salobrena ESP"]
[Date "2015.07.29"]
[Round "5.16"]
[White "Fernandez Alvarez, Luis"]
[Black "Perez Tores, Juan Miguel"]
[Result "1/2-1/2"]
[WhiteElo "2059"]
[BlackElo "2129"]
[PlyCount "63"]
[EventDate "2015.07.27"]
[EventType "swiss"]
[EventRounds "9"]
[EventCountry "ESP"]
[Source "lmi"]
[SourceDate "2015.07.27"]

1. e4 e5 2. Nf3 Nc6 3. Bb5 a6 4. Bxc6 dxc6 5. O-O Qf6 6. d4 exd4 7. Bg5 Qd6 8.
Nxd4 Be7 9. Bxe7 Nxe7 10. Nc3 c5 11. Nb3 Be6 12. Qe2 Bxb3 13. axb3 O-O 14. Rad1
Qe6 15. Qe3 b6 16. Qg3 Qc6 17. Rd2 Rad8 18. Rfd1 Rxd2 19. Rxd2 b5 20. Qd3 Re8
21. Qd7 Kf8 22. f3 Qb6 23. Kh1 c4 24. b4 Qe3 25. Rd1 Qf2 26. Qd2 Qb6 27. Qd7
Qf2 28. Qd2 Qb6 29. Qd7 Qf2 30. Qd2 Qb6 31. Qd7 Qf2 32. Rc1 1/2-1/2

[Event "España ch-2015 sub-18"]
[Site "Salobrena ESP"]
[Date "2015.07.29"]
[Round "5.17"]
[White "Garcia Porlan, Beatriz"]
[Black "Gomez Dieguez, Adrian"]
[Result "1/2-1/2"]
[WhiteElo "2006"]
[BlackElo "2124"]
[PlyCount "187"]
[EventDate "2015.07.27"]
[EventType "swiss"]
[EventRounds "9"]
[EventCountry "ESP"]
[Source "lmi"]
[SourceDate "2015.07.27"]

1. e4 e5 2. Nf3 Nc6 3. Be2 Nf6 4. d3 Bc5 5. O-O d6 6. c3 Bb6 7. Nbd2 O-O 8. Nc4
h6 9. a4 a6 10. Nxb6 cxb6 11. Re1 Bd7 12. Bf1 Na7 13. d4 Qc7 14. Nh4 b5 15.
axb5 Nxb5 16. Qf3 Kh7 17. Nf5 Ng8 18. g4 Na7 19. h4 Nc6 20. Be3 g6 21. Ng3 Qd8
22. g5 h5 23. Nxh5 gxh5 24. Qxh5+ Kg7 25. f4 Nce7 26. Re2 exf4 27. Bxf4 Be6 28.
d5 Ng6 29. Be3 Bd7 30. Bd4+ Ne5 31. Rg2 Ne7 32. Qh6+ Kg8 33. Bxe5 dxe5 34. h5
Bf5 35. Bd3 Bg6 36. hxg6 Qb6+ 37. Kh2 Qxg6 38. Rf1 Qxh6+ 39. gxh6+ Ng6 40. Rg5
Kh7 41. Rgf5 Kxh6 42. Rxf7 Nf4 43. Rxf8 Rxf8 44. Rf3 Rg8 45. Bf1 Kg7 46. Rg3+
Ng6 47. c4 Rf8 48. Kg2 Kf6 49. Rf3+ Nf4+ 50. Kf2 Rc8 51. b4 b5 52. c5 a5 53.
Bxb5 axb4 54. c6 Ke7 55. Rb3 Rb8 56. Ba6 Kd6 57. Bb7 Rh8 58. Kf1 Rh1+ 59. Kf2
Rc1 60. Ke3 Rc4 61. Ba6 Rc5 62. Rxb4 Rxd5 63. c7 Kxc7 64. Rb7+ Kc6 65. exd5+
Nxd5+ 66. Ke4 Nc7 67. Rb2 Nxa6 68. Kxe5 Nc7 69. Rd2 Nb5 70. Ke6 Nc7+ 71. Ke5
Nb5 72. Rc2+ Kd7 73. Rc5 Nc7 74. Ra5 Kc6 75. Ra2 Nb5 76. Rc2+ Kd7 77. Rc4 Nc7
78. Rb4 Kc6 79. Rc4+ Kd7 80. Rc5 Ne6 81. Rd5+ Ke7 82. Rd6 Nd8 83. Rf6 Nf7+ 84.
Kf5 Nd6+ 85. Kg6 Kd7 86. Rf3 Ke6 87. Re3+ Kd5 88. Kf6 Ne4+ 89. Kf5 Nd6+ 90. Kf4
Nb5 91. Rd3+ Kc6 92. Ke5 Kc5 93. Rd2 Kc6 94. Ke4 1/2-1/2

[Event "España ch-2015 sub-18"]
[Site "Salobrena ESP"]
[Date "2015.07.29"]
[Round "5.18"]
[White "Buiza Prieto, Eihartze"]
[Black "Martin Iribar, Ander"]
[Result "1-0"]
[WhiteElo "2095"]
[BlackElo "1935"]
[PlyCount "73"]
[EventDate "2015.07.27"]
[EventType "swiss"]
[EventRounds "9"]
[EventCountry "ESP"]
[Source "lmi"]
[SourceDate "2015.07.27"]

1. g3 Nf6 2. Bg2 e5 3. c4 d5 4. cxd5 Nxd5 5. Nc3 Nb6 6. Nf3 Nc6 7. O-O Be7 8.
d3 O-O 9. Bd2 Re8 10. a4 Bf8 11. a5 Nd5 12. Nxd5 Qxd5 13. Bc3 Qd6 14. a6 Rb8
15. axb7 Bxb7 16. Ra4 Rbd8 17. Qb3 Ba8 18. Ng5 Qg6 19. h4 Nd4 20. Bxd4 Bxg2 21.
Kxg2 Rxd4 22. Rxa7 Rb4 23. Qc3 h6 24. Nf3 e4 25. dxe4 Qxe4 26. Rxc7 Qxe2 27.
Re1 Qb5 28. Rxe8 Qxe8 29. Ne5 Rb5 30. f4 Qb8 31. Rxf7 Rxb2+ 32. Kh3 Rb1 33.
Rxf8+ Qxf8 34. Qc4+ Kh7 35. Qc2+ Kg8 36. Qxb1 Qf5+ 37. Qxf5 1-0

[Event "España ch-2015 sub-18"]
[Site "Salobrena ESP"]
[Date "2015.07.29"]
[Round "5.19"]
[White "Montoya Pecurul, Marc"]
[Black "Garcia Gonzalez, Omar"]
[Result "1-0"]
[WhiteElo "2074"]
[BlackElo "1964"]
[PlyCount "143"]
[EventDate "2015.07.27"]
[EventType "swiss"]
[EventRounds "9"]
[EventCountry "ESP"]
[Source "lmi"]
[SourceDate "2015.07.27"]

1. e4 c5 2. Nf3 e6 3. d4 cxd4 4. Nxd4 a6 5. Nc3 Qc7 6. Bd3 Nf6 7. Qe2 d6 8. O-O
Nbd7 9. f4 b5 10. a3 Bb7 11. f5 e5 12. Nf3 Be7 13. Bg5 O-O 14. Rad1 h6 15. Bc1
Nc5 16. Qe1 Rad8 17. Qg3 Kh7 18. Rfe1 Rfe8 19. Kh1 Bc6 20. Qh3 Qb7 21. Nd5 Nxd5
22. exd5 Nxd3 23. Rxd3 Bxd5 24. Nh4 Rc8 25. Rg3 Bf6 26. c3 Rc4 27. Nf3 Bxf3 28.
Rxf3 Qe7 29. Rd1 Rh4 30. Qg3 e4 31. Rf4 e3 32. Bxe3 Qxe3 33. Rxh4 Bxh4 34. Qxh4
Qe2 35. Qd4 Re4 36. Qg1 Qxb2 37. f6 Qxc3 38. fxg7 Kxg7 39. Qf2 Qe5 40. h3 d5
41. Rf1 Qe6 42. Qg3+ Qg6 43. Qc3+ d4 44. Qf3 Re7 45. Qd5 Qe6 46. Qxd4+ Qe5 47.
Qg4+ Kh7 48. Rf3 Qg7 49. Qf5+ Qg6 50. Qf4 Rd7 51. Rg3 Qe6 52. Kh2 a5 53. Qb8 f5
54. Qxb5 Rf7 55. Qb8 Rf6 56. Qc7+ Rf7 57. Qxa5 Qd6 58. Qa8 Rg7 59. Qf3 Qe5 60.
a4 Rg5 61. Qb7+ Kh8 62. Qc8+ Kh7 63. Qc3 Qf4 64. Qb3 Qe5 65. Qe3 Qd6 66. Qd3
Qe5 67. Qc3 Qf4 68. a5 Qd6 69. Qa3 Qc7 70. a6 Kg8 71. a7 Rxg3 72. Qxg3+ 1-0

[Event "España ch-2015 sub-18"]
[Site "Salobrena ESP"]
[Date "2015.07.29"]
[Round "5.20"]
[White "Ruperez Benito, Antonio"]
[Black "Santos Martinez, Guillermo"]
[Result "1-0"]
[WhiteElo "2148"]
[BlackElo "1940"]
[PlyCount "77"]
[EventDate "2015.07.27"]
[EventType "swiss"]
[EventRounds "9"]
[EventCountry "ESP"]
[Source "lmi"]
[SourceDate "2015.07.27"]

1. e4 c5 2. Nf3 Nc6 3. d4 cxd4 4. Nxd4 Nf6 5. Nc3 e5 6. Ndb5 d6 7. Bg5 a6 8.
Na3 b5 9. Nd5 Be7 10. Bxf6 Bxf6 11. c4 b4 12. Nc2 a5 13. Qf3 Be6 14. Rd1 Bxd5
15. Rxd5 Ne7 16. Rd1 Qb6 17. h4 Rd8 18. Ne3 b3 19. a3 a4 20. Be2 Qa5+ 21. Kf1
Nc6 22. g4 Nd4 23. Qg3 g6 24. Nd5 Be7 25. h5 Bg5 26. Rxd4 exd4 27. f4 Be7 28.
Qd3 Qc5 29. f5 gxf5 30. exf5 Bg5 31. h6 Rd7 32. Rh5 Be3 33. g5 Kd8 34. f6 Re8
35. Qxh7 d3 36. Qxd3 Qd4 37. h7 Qxd3 38. Bxd3 Kc8 39. Nxe3 1-0

[Event "España ch-2015 sub-18"]
[Site "Salobrena ESP"]
[Date "2015.07.29"]
[Round "5.21"]
[White "Pozanco Romasanta, Marc"]
[Black "Redondo Benavente, Ana"]
[Result "0-1"]
[WhiteElo "2121"]
[BlackElo "1920"]
[PlyCount "80"]
[EventDate "2015.07.27"]
[EventType "swiss"]
[EventRounds "9"]
[EventCountry "ESP"]
[Source "lmi"]
[SourceDate "2015.07.27"]

1. d4 d5 2. c4 dxc4 3. e3 e6 4. Bxc4 Nf6 5. Nc3 a6 6. Bd3 c5 7. Nf3 Be7 8. O-O
O-O 9. Qe2 Nc6 10. Rd1 Qc7 11. Bd2 Nb4 12. Bb1 b6 13. a3 Nbd5 14. g3 b5 15. e4
Nxc3 16. bxc3 Bb7 17. Ng5 g6 18. e5 Nd5 19. Ne4 c4 20. Qg4 h5 21. Qh3 Kg7 22.
g4 Rh8 23. g5 a5 24. Rc1 Qb6 25. Nf6 Rhc8 26. Be4 b4 27. Rcb1 b3 28. Qf3 Rd8
29. Bc1 a4 30. Bb2 Rab8 31. h4 Nc7 32. Re1 Nd5 33. Kh2 Qc7 34. Kg1 Qb6 35. Qe2
Nc7 36. f4 Qa6 37. Bxb7 Nb5 38. Rec1 Qxb7 39. Rcb1 Rxd4 40. Rc1 Rd3 0-1

[Event "España ch-2015 sub-18"]
[Site "Salobrena ESP"]
[Date "2015.07.29"]
[Round "5.22"]
[White "Porta Tovar, Oriol"]
[Black "Ruiz Sicilia, Juan Carlos"]
[Result "1-0"]
[WhiteElo "2084"]
[BlackElo "1911"]
[PlyCount "79"]
[EventDate "2015.07.27"]
[EventType "swiss"]
[EventRounds "9"]
[EventCountry "ESP"]
[Source "lmi"]
[SourceDate "2015.07.27"]

1. e4 e6 2. d4 d5 3. e5 c5 4. c3 Nc6 5. Nf3 Qb6 6. a3 c4 7. Nbd2 Bd7 8. b3 cxb3
9. Nxb3 Na5 10. Nxa5 Qxa5 11. Bd2 Qc7 12. Bd3 g6 13. O-O Bg7 14. Qb3 Ne7 15.
Rfc1 Bc6 16. a4 O-O 17. Rc2 h6 18. Bc1 Rfc8 19. Ba3 Qd7 20. Bd6 Nf5 21. Bxf5
gxf5 22. Ne1 Bf8 23. Bxf8 Rxf8 24. Nd3 Kh7 25. Nf4 Qe7 26. Nh5 Qg5 27. Nf6+ Kg7
28. Re2 f4 29. Kh1 h5 30. g3 fxg3 31. Rg1 h4 32. fxg3 h3 33. Rf1 Rh8 34. Rf4
Rh4 35. Rf1 Rh6 36. Rf4 Kh8 37. Ref2 Qg6 38. R2f3 Qg5 39. Qd1 Rxf6 40. Rxf6 1-0

[Event "España ch-2015 sub-18"]
[Site "Salobrena ESP"]
[Date "2015.07.29"]
[Round "5.23"]
[White "Ferreiro Diaz, Miguel"]
[Black "Garcia Martinez, Marcos"]
[Result "0-1"]
[WhiteElo "1897"]
[BlackElo "2044"]
[PlyCount "48"]
[EventDate "2015.07.27"]
[EventType "swiss"]
[EventRounds "9"]
[EventCountry "ESP"]
[Source "lmi"]
[SourceDate "2015.07.27"]

1. e4 e6 2. d4 d5 3. e5 c5 4. dxc5 Nc6 5. Nf3 Bxc5 6. Bd3 Qc7 7. Qe2 Nge7 8.
O-O Ng6 9. Re1 Bd7 10. c3 a6 11. h4 f6 12. Bxg6+ hxg6 13. Qd3 O-O-O 14. Be3
Nxe5 15. Nxe5 Qxe5 16. Nd2 Bxe3 17. Rxe3 Qc7 18. Nf3 e5 19. Qxd5 Bc6 20. Qe6+
Qd7 21. Qc4 Kb8 22. g3 g5 23. Qf1 Qg4 24. Nd2 Rxd2 0-1

[Event "España ch-2015 sub-18"]
[Site "Salobrena ESP"]
[Date "2015.07.29"]
[Round "5.24"]
[White "Bernal Gomez, Alejandro"]
[Black "Alfaro Garcia del Cerro, Juan L"]
[Result "1-0"]
[WhiteElo "2044"]
[BlackElo "1872"]
[PlyCount "111"]
[EventDate "2015.07.27"]
[EventType "swiss"]
[EventRounds "9"]
[EventCountry "ESP"]
[Source "lmi"]
[SourceDate "2015.07.27"]

1. d4 Nf6 2. Nf3 e6 3. e3 b6 4. Nbd2 Bb7 5. Bd3 d5 6. O-O Bd6 7. Ne5 O-O 8. f4
Ne4 9. c3 f5 10. Ndf3 Ba6 11. c4 Qe8 12. Qb3 c6 13. a4 Nd7 14. Nxd7 Qxd7 15.
cxd5 Bxd3 16. dxe6 Qe7 17. Qxd3 Qxe6 18. Bd2 Rad8 19. a5 Rfe8 20. Rfe1 Nxd2 21.
Qxd2 Qb3 22. Qc3 Qb5 23. axb6 axb6 24. Ra7 Ra8 25. Rea1 Rxa7 26. Rxa7 Qe2 27.
Ne5 Bxe5 28. dxe5 Rd8 29. h3 Qd1+ 30. Kh2 Qd3 31. Qxc6 Qxe3 32. Rxg7+ Kxg7 33.
Qf6+ Kg8 34. Qxd8+ Kg7 35. Qf6+ Kg8 36. Qe6+ Kg7 37. Qe7+ Kg8 38. Qg5+ Kh8 39.
Qxf5 h6 40. Qf6+ Kh7 41. e6 h5 42. e7 h4 43. Qxh4+ Kg7 44. Qg3+ Qxg3+ 45. Kxg3
Kf7 46. Kf3 Kxe7 47. Ke4 Ke6 48. h4 Kf6 49. g4 Kg6 50. Kd5 Kf6 51. Kc6 b5 52.
Kxb5 Kg6 53. Kc6 Kf6 54. b4 Kg6 55. b5 Kf6 56. b6 1-0